| 000 | 00990cam a2200253 a 4500 | ||
|---|---|---|---|
| 001 | 191 | ||
| 003 | BR-CuiBMT | ||
| 005 | 20231111003541.0 | ||
| 008 | 230828s2022 mgb 000 0 por d | ||
| 020 | _a9786555183191 | ||
| 040 |
_aBR-CuiBMT _cBR-CuiBMT |
||
| 080 |
_22007 _a366.22:352 _x(815.6) |
||
| 090 |
_a366.22:352(815.6) _bI17 |
||
| 245 | 0 | 0 |
_aICMS no Tribunal de Impostos e Taxas de São Paulo / _cAlexandre Evaristo Pinto ... [et al.] coordenadores ; prefácio Ives Gandra da Silva Martins ; apresentação Valter de Souza Lobato ; [autores Adriana Stamato ... et al.]. |
| 260 |
_aBelo Horizonte : _bFórum, _c2022. |
||
| 300 |
_a525 p. ; _c22 cm |
||
| 500 | _aVários autores. | ||
| 504 | _aInclui bibliografia. | ||
| 650 |
_aImposto sobre circulação de mercadorias e serviços (ICMS) _zSão Paulo |
||
| 650 |
_aDireito tributário _xImpostos estaduais |
||
| 700 | 1 |
_aPinto, Alexandre Evaristo _4et al. _4coord. |
|
| 700 | 1 |
_aStamato, Adriana _eet al. _eautores |
|
| 942 |
_2udc _cLV |
||
| 999 |
_c191 _d191 |
||